Alexis de Tocqueville: the traditionalist roots of democracy / by Isidre Molas the traditionalist roots of democracy / by Isidre Molas
Descripción Física:
44, [4]p. ; 21 cm
Materias:
Tocqueville, Alexis de
MARC
| LEADER | 00000nam a2200000Ia 4500 | ||
|---|---|---|---|
| 001 | 16376 | ||
| 008 | 160829s1990 xx 000 0 cat d | ||
| 080 | |a FU-41-50 | ||
| 100 | |a Molas, Isidre, |d 1940- |9 25138 | ||
| 245 | |a Alexis de Tocqueville: |b the traditionalist roots of democracy / by Isidre Molas | ||
| 260 | |a Barcelona : |b Institut de Ciències Polítiques i Socials, |c 1990 | ||
| 300 | |a 44, [4]p. ; |c 21 cm | ||
| 490 | |a Working papers / Institut de Ciències Polítiques i Socials ; 9 | ||
| 590 | |a Bibliografia | ||
| 650 | |a Tocqueville, Alexis de |9 27751 | ||
| 710 | 2 | |a Institut de Ciències Polítiques i Socials (Barcelona, Catalunya) |9 55871 | |
| 901 | |a Arxiu | ||
| 942 | |n 1 | ||
| 952 | |0 0 |1 0 |4 0 |6 FU4150 |7 1 |9 48862 |a Arxiu |b Arxiu |d 2016-12-01 |l 0 |o FU-41-50 |p 16376 |r 2016-12-01 00:00:00 |w 2016-12-01 |y ARXIU | ||
| 999 | |c 52697 |d 52697 | ||